1414 1819 1746 1314 1268 1130 1855 1522 1670 1617 1228 1151 1891 1243 1074 1843 1908 1974 1331 1420 1607 1705 1642 1731 1851 1981 1307 1223 1715 1626 1843 1278 1129 1404 1539 1059 1373 1608 1992 1327 1687 1921 1439 1192 1610 1944 1285 1202 1473 1875 1429 1158 1699 1819 1106 1532 1452 1787 1595 1045 1797 1657 1211 1497 1465 1697 1305 1698 1622 1694 1661 1522 1678 1003 1288 1478 1038 1166 1994 1935 1034 1353 1486 1344 1566 1838 1263 1339 1668 1214 1393 1040 1827 1681 1871 1279 1246 1244 1683 BCNSPRNW ULIB Ver.6.0+V

เปลี่ยนเป็นภาษาไทย

Change to English
 แสดงรายละเอียดบรรณานุกรม
  กลับหน้าหลัก

Brief Record : Get Marc (ISO 2709) : E-mail record : QR code < ปิดหน้าต่าง
LEADER : 00000nam 2200000uu 4500
001    13399110999
003     ULIB
008    110614s||||||||th 000 0 tha d
020    9789747246094(ล.4)
050 04 AC159^bภ375ค ล.4 2550
100 0  ภัทราพร สังข์พวงทอง
245 10 ความรู้นอกกะลา 4 (พลังงาน) /^cภัทราพร สังข์พวงทอง
250    พิมพ์ครั้งที่ 1
260    กรุงเทพฯ :^bพิมพ์บูรพา,^c2550
300    [126] หน้า :^bภาพประกอบ
650  7 ความรู้ทั่วไป
650  7 ทรัพยากรณ์ธรรมชาติ
650  7 พลังงาน
650  7 น้ำมัน
945    ^p200^l0^i022959
995    ทศพร
999 ^a ใช้งานได้ทุกระบบ
รายการนี้ยังไม่มีแท็ก
คุณยังไม่ได้ล็อกอิน คุณสามารถมีกิจกรรมร่วมกับเว็บไซต์ได้ แต่ต้องล็อกอินก่อน ::
  ล็อกอิน

รายการสื่อสารสนเทศ

ลำดับที่ ประเภท เลขเรียก/บาร์โค้ด สถานที่ สถานะ
- ไม่พบข้อมูล -

รายการใกล้เคียง
    ผู้แต่ง [ภัทราพร สังข์พวงทอง]

    หัวเรื่อง [ความรู้ทั่วไป]
    หัวเรื่อง [ทรัพยากรณ์ธรรมชาติ]
    หัวเรื่อง [พลังงาน]
    หัวเรื่อง [น้ำมัน]

BibComment


ยังไม่เคยถูกคอมเมนท์

คอมเมนท์ทรัพยากรรายการนี้
  คอมเมนท์: ความรู้นอกกะลา 4 ..


 Copyright 2026. Bcnsprnw @Library